Normal view MARC view

Entry Personal Name

Number of records used in: 1

001 - CONTROL NUMBER

  • control field: 47878

003 - CONTROL NUMBER IDENTIFIER

  • control field: OSt

005 - DATE AND TIME OF LATEST TRANSACTION

  • control field: 20240927165644.0

008 - FIXED-LENGTH DATA ELEMENTS

  • fixed length control field: 240927|| aca||aabn | a|a d

040 ## - CATALOGING SOURCE

  • Original cataloging agency: OSt
  • Transcribing agency: OSt

100 ## - HEADING--PERSONAL NAME

  • Personal name: Gupta, Vibhuti and Sinha, Nishit Kumar

670 ## - SOURCE DATA FOUND

  • Source citation: Work cat.: (OSt)524653: Gupta, Vibhuti and Sinha, Nishit Kumar , Emotional disorders, dispositional mindfulness, and mediating role of acceptance in undergraduate and postgraduate students

Powered by Koha